Online Catalogue and eLibrary

Erumai Maadum Thulasi Chediyum (Record no. 6043)

MARC details
000 -LEADER
fixed length control field 00369nam a22001457a 4500
005 - DATE AND TIME OF LATEST TRANSACTION
control field 20250509080237.0
008 - FIXED-LENGTH DATA ELEMENTS--GENERAL INFORMATION
fixed length control field 250509b |||||||| |||| 00| 0 eng d
082 ## - DDC Classification
DDC Edition Number 22
Class No. 894
100 ## - MAIN ENTRY--PERSONAL NAME
Personal name Haq, A. Lareena
245 ## - TITLE STATEMENT
Title Erumai Maadum Thulasi Chediyum
260 ## - PUBLICATION, DISTRIBUTION, ETC.
Place of publication, distribution, etc. Kandy
Name of publisher, distributor, etc. Thamil Mandram
Date of publication, distribution, etc. 2003
300 ## - PHYSICAL DESCRIPTION
Extent (e.g. Volumes, Pages etc.) 111 p .,
500 ## - GENERAL NOTE
General note Collection of Short Stories
942 ## - Koha item type (Biblio)
Koha item type Books in Stacks (Lending)
Holdings
Lost status Damaged status Collection code Home library Current library Date acquired Full call number Accession Number Item type
    Lending WERC Library WERC Library 05/09/2025 894 6898 Books in Stacks (Lending)

© WERC Library